A Text Book Of Polymers : (Record no. 2941)
[ view plain ]
| 000 -LEADER | |
|---|---|
| fixed length control field | 00635nac a22002051u 4500 |
| 020 ## - INTERNATIONAL STANDARD BOOK NUMBER | |
| International Standard Book Number | 8121923425 |
| 082 ## - DEWEY DECIMAL CLASSIFICATION NUMBER | |
| Classification number | 547.7 |
| Item number | B4696 |
| 090 ## - LOCALLY ASSIGNED LC-TYPE CALL NUMBER (OCLC); LOCAL CALL NUMBER (OCLC) | |
| -- | 2941 |
| -- | 2941 |
| 100 ## - MAIN ENTRY--PERSONAL NAME | |
| Personal name | Bhatnagar ,M.S. |
| 245 ## - TITLE STATEMENT | |
| Title | A Text Book Of Polymers : |
| Remainder of title | Chemistry and Technology Of Polymers/ |
| Statement of responsibility, etc | M.S.Bhatnagar |
| 260 ## - | |
| -- | New Dlhi:2004. |
| -- | S.Chand and Company LTD, |
| -- | c.2004. |
| 300 ## - PHYSICAL DESCRIPTION | |
| Extent | Vol1.: |
| Other physical details | ill; |
| Dimensions | 24cm. |
| 336 ## - CONTENT TYPE | |
| Source | rdacontent |
| Content type term | text |
| Content type code | txt |
| 337 ## - MEDIA TYPE | |
| Media type term | unmediated |
| Source | rdamedia |
| Media type code | n |
| 338 ## - CARRIER TYPE | |
| Carrier type term | volume |
| Carrier type code | nc |
| Source | rdacarrier |
| 650 ## - SUBJECT ADDED ENTRY--TOPICAL TERM | |
| Topical term or geographic name as entry element | Polymers. |
| 650 ## - SUBJECT ADDED ENTRY--TOPICAL TERM | |
| Topical term or geographic name as entry element | Polymerization. |
| 700 ## - ADDED ENTRY--PERSONAL NAME | |
| Personal name | M.S.Bhatnagar |
| 942 ## - ADDED ENTRY ELEMENTS (KOHA) | |
| Koha item type | Book - Borrowing |
| Call number prefix | 547.7B4696 |
| Classification part | RDA-MOD |
| Withdrawn status | Lost status | Damaged status | Not for loan | Home library | Current library | Shelving location | Date acquired | Source of acquisition | Total Checkouts | Total Renewals | Full call number | Barcode | Checked out | Date last seen | Date checked out | Price effective from | Koha item type |
|---|---|---|---|---|---|---|---|---|---|---|---|---|---|---|---|---|---|
| Central Library | Central Library | First floor | 07/03/2012 | Purchase | 6 | 2 | 547.7 BHA | 000001190 | 16/11/2017 | 17/10/2017 | 17/10/2017 | 12/03/2007 | Book - Borrowing |